[Event "DEM U10 2012"]
[Site "Oberhof GER"]
[Date "2012.05.27"]
[Round "1"]
[White "Finke, Daniel"]
[Black "Pajeken, Jakob Leon"]
[Result "0-1"]
[Termination "normal"]
[Board "22"]
[WhiteElo "989"]
[BlackElo "1385"]
[PlyCount "108"]
[WhiteFideId "16217675"]
[BlackFideId "12942839"]
[EventCountry "GER"]
[EventRounds "11"]
[EventType "swiss"]
[EventDate "2012.05.26"]

1. e4 e5 2. Nf3 Nc6 3. Bc4 Bc5 4. c3 Nf6 5. d3 d6 6. Nbd2 a6 7. Nf1 Ba7 8. Ng3
Na5 9. Bd5 c6 10. Bb3 Nxb3 11. axb3 Be6 12. c4 h6 13. Be3 Bxe3 14. fxe3 Qb6 15.
d4 exd4 16. exd4 O-O 17. O-O Ng4 18. Re1 Rfe8 19. h3 Nf6 20. Nh4 Bd7 21. Kh2
Rad8 22. Nhf5 Bxf5 23. Nxf5 Qc7 24. d5 cxd5 25. cxd5 Qb6 26. Qf3 Qb4 27. Qg3 g6
28. Nxh6+ Kg7 29. Nf5+ Kg8 30. Ra4 Qd2 31. Rd4 Qxb2 32. Qd3 gxf5 33. Rb1 Qf2
34. Rf1 Qh4 35. exf5 Re4 36. g3 Rxd4 37. gxh4 Rxd3 38. Rg1+ Kf8 39. b4 Rxd5 40.
Rf1 Rb5 41. Rf4 Nd5 42. Rg4 Rxb4 43. Rg5 Rxh4 44. Kg3 Rh7 45. h4 Rg7 46. f6
Rxg5+ 47. hxg5 a5 48. Kf3 a4 49. Ke2 a3 50. Kd2 a2 51. Kc2 a1=Q 52. Kb3 Qc3+
53. Ka2 Ra8+ 54. Kb1 Ra1# 0-1

[Event "DEM U10 2012"]
[Site "Oberhof GER"]
[Date "2012.05.27"]
[Round "1"]
[White "Shen, Julian"]
[Black "Bürmann, Theresia"]
[Result "1-0"]
[Termination "normal"]
[Board "23"]
[WhiteElo "1383"]
[BlackElo "981"]
[PlyCount "107"]
[WhiteFideId "12942898"]
[BlackFideId "12960241"]
[EventCountry "GER"]
[EventRounds "11"]
[EventType "swiss"]
[EventDate "2012.05.26"]

1. e4 e5 2. Nf3 Nf6 3. Nc3 Nc6 4. Bb5 Nd4 5. d3 Nxf3+ 6. Qxf3 a6 7. Bc4 Bc5 8.
Bg5 Be7 9. Be3 O-O 10. O-O h6 11. Qg3 Nh5 12. Qxe5 Bg5 13. f4 d6 14. Qa5 b6 15.
Qa3 Bf6 16. Nd5 Bd7 17. Nxf6+ Nxf6 18. Qc3 b5 19. Bb3 c5 20. h3 b4 21. Qe1 Bc6
22. a3 bxa3 23. Rxa3 d5 24. Bxc5 Re8 25. e5 Nd7 26. Qa5 Qxa5 27. Rxa5 Bb5 28.
Bd6 Rac8 29. Rf2 d4 30. Ba4 Bxa4 31. Rxa4 Ra8 32. Rxd4 f6 33. Re2 a5 34. Kf2
fxe5 35. Bxe5 Nxe5 36. Rxe5 Rec8 37. Rc4 Rxc4 38. dxc4 Rd8 39. Ke3 Rb8 40. b3
Ra8 41. c5 a4 42. bxa4 Rxa4 43. Re4 Ra8 44. c6 Rc8 45. Rc4 Kf7 46. Kd4 Ke6 47.
Kc5 Rb8 48. c7 Rc8 49. Kc6 g6 50. Rb4 Ra8 51. Rb8 Ra3 52. c8=Q+ Kf6 53. Qf8+
Ke6 54. Re8# 1-0

[Event "DEM U10 2012"]
[Site "Oberhof GER"]
[Date "2012.05.27"]
[Round "1"]
[White "Flach, Helene"]
[Black "Baltic, Fatih"]
[Result "0-1"]
[Termination "normal"]
[Board "24"]
[WhiteElo "974"]
[BlackElo "1379"]
[PlyCount "68"]
[WhiteFideId "12929735"]
[BlackFideId "12979090"]
[EventCountry "GER"]
[EventRounds "11"]
[EventType "swiss"]
[EventDate "2012.05.26"]

1. e4 c5 2. Nc3 e6 3. g3 a6 4. Bg2 Qc7 5. d3 d6 6. Nf3 b5 7. b3 Bb7 8. O-O Nd7
9. h3 Ngf6 10. Be3 Be7 11. Qe2 Rc8 12. Rac1 c4 13. Nd1 Nc5 14. Nb2 c3 15. Nd1
b4 16. Nh2 d5 17. exd5 Nxd5 18. f4 Bf6 19. Nf2 Rd8 20. Rfe1 O-O 21. Nfg4 Be7
22. Ne5 Nxe3 23. Qxe3 Nxb3 24. Qe2 Nxc1 25. Rxc1 Bxg2 26. Qxg2 Qc5+ 27. Kh1 Bf6
28. Nhg4 Bxe5 29. Nxe5 Qd5 30. Nf3 Qxa2 31. Qe2 Qd5 32. Kh2 a5 33. Ra1 Ra8 34.
Qe3 Rfb8 0-1

[Event "DEM U10 2012"]
[Site "Oberhof GER"]
[Date "2012.05.27"]
[Round "1"]
[White "Fischer, Elias"]
[Black "Schumacher, Simon"]
[Result "1/2-1/2"]
[Termination "normal"]
[Board "25"]
[WhiteElo "1377"]
[BlackElo "968"]
[PlyCount "42"]
[WhiteFideId "12963305"]
[BlackFideId "12957518"]
[EventCountry "GER"]
[EventRounds "11"]
[EventType "swiss"]
[EventDate "2012.05.26"]

1. e4 d5 2. exd5 Qxd5 3. Nc3 Qa5 4. Nf3 Nf6 5. d4 c6 6. Bd2 Qc7 7. Bc4 Bf5 8.
O-O e6 9. Re1 Nbd7 10. h3 Bd6 11. Nh4 O-O 12. Nxf5 exf5 13. Qf3 f4 14. Ne4 Nxe4
15. Rxe4 Nf6 16. Ree1 Rad8 17. Bc3 b5 18. Bd3 Rd7 19. Bf5 Re7 20. Rxe7 Bxe7 21.
Re1 a6 1/2-1/2

[Event "DEM U10 2012"]
[Site "Oberhof GER"]
[Date "2012.05.27"]
[Round "1"]
[White "Oganessjan, Artur"]
[Black "Rose, Luis Stratos"]
[Result "0-1"]
[Termination "normal"]
[Board "26"]
[WhiteElo "961"]
[BlackElo "1372"]
[PlyCount "83"]
[WhiteFideId "12986062"]
[BlackFideId "12976008"]
[EventCountry "GER"]
[EventRounds "11"]
[EventType "swiss"]
[EventDate "2012.05.26"]

1. e4 d5 2. exd5 Nf6 3. d4 Nxd5 4. Nf3 g6 5. Be3 Bg7 6. Bc4 Nb6 7. Bb3 O-O 8.
Nc3 Bg4 9. Qd2 Nc6 10. Rd1 Bxf3 11. gxf3 Qd7 12. h4 h5 13. Qd3 Rad8 14. d5 Ne5
15. Qe2 Qf5 16. f4 Ng4 17. f3 Nf6 18. Qd3 Qxd3 19. Rxd3 c6 20. Bxb6 axb6 21.
dxc6 Rxd3 22. cxd3 bxc6 23. Kf2 Rd8 24. Rd1 Ne8 25. a3 Nc7 26. Ke2 Bf6 27. Rh1
Ne8 28. a4 Ng7 29. Ne4 Bxb2 30. Ng5 e6 31. Rb1 Bd4 32. Bc4 Nf5 33. Rh1 Ng3+ 34.
Kd2 Nxh1 35. Ke2 Ng3+ 36. Kd2 Nf5 37. Ke2 Nxh4 38. Kd2 Nf5 39. Nxe6 fxe6 40.
Bxe6+ Kg7 41. Bc4 h4 42. Ke2 {der Springer wurde offenbar verschoben. Es folgte
42...Sg4 43.fxg4 Th8 44.Kf3 h3 45.f5 h2 46.fxg6 d1D+ 47.Kf4 Te8 48.a5 Df1+
49.Kg5 Te5+ 50. Kh4 Lf2#} 0-1

[Event "DEM U10 2012"]
[Site "Oberhof GER"]
[Date "2012.05.27"]
[Round "1"]
[White "Rosenhain, Rachela"]
[Black "Kirsten, Annika"]
[Result "1-0"]
[Termination "normal"]
[Board "27"]
[WhiteElo "1368"]
[BlackElo "957"]
[PlyCount "85"]
[WhiteFideId "12957615"]
[BlackFideId "12961124"]
[EventCountry "GER"]
[EventRounds "11"]
[EventType "swiss"]
[EventDate "2012.05.26"]

1. e4 e5 2. Nc3 Nf6 3. f4 d6 4. Nf3 Bg4 5. fxe5 dxe5 6. h3 Bh5 7. g4 Bg6 8. d3
Nc6 9. Be3 Be7 10. Qd2 Bb4 11. O-O-O Qe7 12. Kb1 O-O-O 13. Qe1 Kb8 14. Bd2 Rd7
15. Ne2 Rhd8 16. Bxb4 Nxb4 17. Nc3 Qe6 18. a3 Na6 19. Be2 Qb6 20. Nxe5 Rd4 21.
Nc4 Qc6 22. g5 Nh5 23. Qh4 Bf5 24. Qxh5 Bg6 25. Qf3 f6 26. gxf6 gxf6 27. Nd5
Rf8 28. Qf2 Qc5 29. Rhf1 c6 30. Nxf6 Be8 31. Qg3+ Nc7 32. Nxe8 Rxe8 33. Rf5 Qe7
34. Rdf1 Ka8 35. Rf7 Qd8 36. Qxc7 Qxc7 37. Rxc7 Red8 38. Rff7 Rb8 39. Ne5 Rd6
40. Nd7 Rd8 41. Nb6+ axb6 42. Rxb7 Rb8 43. Ra7# 1-0

[Event "DEM U10 2012"]
[Site "Oberhof GER"]
[Date "2012.05.27"]
[Round "1"]
[White "Pantsernaya, Sofya"]
[Black "Roth, Jakob"]
[Result "0-1"]
[Termination "normal"]
[Board "28"]
[WhiteElo "953"]
[BlackElo "1367"]
[PlyCount "43"]
[WhiteFideId "12993182"]
[BlackFideId "12952605"]
[EventCountry "GER"]
[EventRounds "11"]
[EventType "swiss"]
[EventDate "2012.05.26"]

1. e4 c6 2. d4 d5 3. e5 Bf5 4. h4 h6 5. Be2 e6 6. Nc3 Nd7 7. Bf4 Qb6 8. Na4
Qa5+ 9. Nc3 c5 10. Nf3 c4 11. O-O Ne7 12. Qd2 Nc6 13. a3 Be7 14. a4 Bb4 15. Qe1
Bxc2 16. Bd1 Bxd1 17. Rxd1 Bxc3 18. Bd2 Bxd2 19. Nxd2 Nxd4 20. Ra1 Nc2 21. Qc1
Nxa1 22. Qxa1 0-1

[Event "DEM U10 2012"]
[Site "Oberhof GER"]
[Date "2012.05.27"]
[Round "1"]
[White "Roseneck, Jonas"]
[Black "Kukulina, Sonja"]
[Result "1-0"]
[Termination "normal"]
[Board "29"]
[WhiteElo "1342"]
[BlackElo "948"]
[PlyCount "73"]
[WhiteFideId "12939870"]
[BlackFideId "12977047"]
[EventCountry "GER"]
[EventRounds "11"]
[EventType "swiss"]
[EventDate "2012.05.26"]

1. e4 c5 2. Nf3 Nc6 3. d4 cxd4 4. Nxd4 g6 5. Nc3 Bg7 6. Be3 Nf6 7. Bc4 O-O 8.
Bb3 e5 9. Ndb5 Qe7 10. Nd6 Ng4 11. Nxc8 Raxc8 12. Qxg4 Nd4 13. Bxd4 exd4 14.
Nd5 Qe5 15. O-O d6 16. f4 Qe8 17. Qxc8 Qxc8 18. Ne7+ Kh8 19. Nxc8 Rxc8 20. f5
f6 21. Rad1 gxf5 22. Rxf5 Rc5 23. Rxd4 Rxf5 24. exf5 Bh6 25. Rxd6 Be3+ 26. Kf1
Bg5 27. Rd8+ Kg7 28. Rd7+ Kh6 29. Bg8 Kh5 30. h3 Be3 31. Ke2 Bb6 32. Kf3 Kg5
33. g4 h6 34. Rg7+ Kh4 35. Rg6 Bd4 36. Rxh6+ Kg5 37. Rh5# 1-0

[Event "DEM U10 2012"]
[Site "Oberhof GER"]
[Date "2012.05.27"]
[Round "1"]
[White "Bykov, Ilona"]
[Black "Merk, Daniel"]
[Result "0-1"]
[Termination "normal"]
[Board "30"]
[WhiteElo "937"]
[BlackElo "1312"]
[PlyCount "126"]
[WhiteFideId "12964433"]
[BlackFideId "12938386"]
[EventCountry "GER"]
[EventRounds "11"]
[EventType "swiss"]
[EventDate "2012.05.26"]

1. e4 c6 2. d4 d5 3. exd5 cxd5 4. Bf4 Nc6 5. Nf3 Bg4 6. Nc3 e6 7. a3 a6 8. Be2
Qb6 9. Rb1 Bxf3 10. Bxf3 Qxd4 11. Be3 Qxd1+ 12. Rxd1 Nf6 13. O-O Be7 14. Rfe1
O-O 15. Bf4 Rad8 16. Re2 Bd6 17. Bxd6 Rxd6 18. b4 Rfd8 19. Red2 Ne5 20. Be2 b5
21. f4 Nc4 22. Bxc4 bxc4 23. Rd4 Ng4 24. Re1 f6 25. h3 Nh6 26. g4 Nf7 27. Rd2
e5 28. fxe5 Nxe5 29. Kg2 d4 30. Ne4 Rd5 31. c3 Nd3 32. Rf1 dxc3 33. Nxc3 Nf4+
34. Rxf4 Rxd2+ 35. Kg1 Rc2 36. Ne4 Rd1+ 37. Rf1 Rxf1+ 38. Kxf1 Ra2 39. Ke1 Rxa3
40. Kd2 Rxh3 41. Kc2 Rh4 42. Kc3 Kf8 43. Nf2 Ke7 44. Kxc4 h5 45. Kc5 hxg4 46.
Ne4 f5 47. Ng3 Ke6 48. Kd4 f4 49. Ne2 Kf5 50. Kd3 f3 51. Ng3+ Kf4 52. Nf1 g3
53. Ne3 g2 54. Nd5+ Ke5 55. Ne3 g1=Q 56. Nc4+ Rxc4 57. Kxc4 Qd4+ 58. Kb3 Ke4
59. Kc2 Qd3+ 60. Kb2 f2 61. Ka2 f1=Q 62. Kb2 Qfe2+ 63. Ka1 Qdd1# 0-1

[Event "DEM U10 2012"]
[Site "Oberhof GER"]
[Date "2012.05.27"]
[Round "1"]
[White "Gauchel, Verena"]
[Black "Kopylov, Daniel"]
[Result "0-1"]
[Termination "normal"]
[Board "32"]
[WhiteElo "911"]
[BlackElo "1623"]
[PlyCount "95"]
[WhiteFideId "12988537"]
[BlackFideId "12921971"]
[EventCountry "GER"]
[EventRounds "11"]
[EventType "swiss"]
[EventDate "2012.05.26"]

1. d4 d5 2. Nf3 c5 3. e3 Nc6 4. c4 e6 5. cxd5 exd5 6. Be2 Nf6 7. O-O b6 8. Nc3
Be7 9. Bd2 O-O 10. Rc1 Bf5 11. Bb5 Rc8 12. Qa4 Nb4 13. Ne1 c4 14. Rd1 a6 15. a3
axb5 16. Nxb5 Ra8 17. Na7 Bd7 18. Nc6 Bxc6 19. Qxa8 Qxa8 20. axb4 Qa4 21. Nf3
Bxb4 22. Bxb4 Qxb4 23. Ne5 Ba4 24. Ra1 Qxb2 25. Rxa4 b5 26. Raa1 Ne4 27. Rab1
Qe2 28. Rbe1 Qh5 29. f3 Nd6 30. e4 dxe4 31. fxe4 f6 32. Nf3 b4 33. e5 fxe5 34.
dxe5 Nf5 35. e6 Ne7 36. Rb1 b3 37. Rfc1 Rc8 38. Nd2 Qc5+ 39. Kh1 Qb4 40. Ne4 c3
41. Nxc3 Rxc3 42. Rxc3 Qxc3 43. Rd1 h6 44. Rd8+ Kh7 45. h3 b2 46. Rb8 Qc1+ 47.
Kh2 Qc7+ 48. g3 0-1

[Event "DEM U10 2012"]
[Site "Oberhof GER"]
[Date "2012.05.27"]
[Round "1"]
[White "Heckmann, Till"]
[Black "Kurz, Annika"]
[Result "1-0"]
[Termination "normal"]
[Board "33"]
[WhiteElo "1282"]
[BlackElo "881"]
[PlyCount "121"]
[WhiteFideId "12987093"]
[EventCountry "GER"]
[EventRounds "11"]
[EventType "swiss"]
[EventDate "2012.05.26"]

1. e4 e5 2. Nf3 Nc6 3. Bb5 Bb4 4. c3 Bd6 5. O-O Nf6 6. d3 O-O 7. Re1 a6 8. Ba4
Bc5 9. Be3 d6 10. Nbd2 Ng4 11. h3 Nxe3 12. fxe3 Qf6 13. d4 Bb6 14. Nf1 Qg6 15.
Kh2 Qxe4 16. Ng3 Qg6 17. Bc2 Qe6 18. d5 Qd7 19. dxc6 Qxc6 20. Be4 Qc4 21. Qd3
Qxd3 22. Bxd3 Re8 23. Bc4 e4 24. Ng5 Be6 25. Nxe6 fxe6 26. Nh5 d5 27. Bb3 c5
28. c4 d4 29. exd4 cxd4 30. Rxe4 d3 31. Rd1 Rad8 32. Rg4 g6 33. Nf6+ Kf8 34.
Nxe8 Rxe8 35. Rxd3 e5 36. Rf3+ Kg8 37. c5+ Kh8 38. cxb6 e4 39. Re3 a5 40. Rgxe4
Rxe4 41. Rxe4 Kg7 42. Rf4 Kh6 43. Bg8 g5 44. Rf7 Kg6 45. g4 h5 46. Rxb7 a4 47.
gxh5+ Kf5 48. Be6+ Kxe6 49. Re7+ Kxe7 50. b7 a3 51. b8=Q axb2 52. Qxb2 Ke6 53.
Qd4 Kf5 54. Kg3 Ke6 55. Qc5 Kf6 56. Qd5 Kg7 57. Qe6 Kh7 58. Qg6+ Kh8 59. Qxg5
Kh7 60. h6 Kh8 61. Qg7# 1-0

[Event "DEM U10 2012"]
[Site "Oberhof GER"]
[Date "2012.05.27"]
[Round "1"]
[White "Giss, Alexander"]
[Black "Hofele, Mathis"]
[Result "0-1"]
[Termination "normal"]
[Board "34"]
[WhiteElo "877"]
[BlackElo "1273"]
[PlyCount "80"]
[WhiteFideId "16260414"]
[BlackFideId "12963844"]
[EventCountry "GER"]
[EventRounds "11"]
[EventType "swiss"]
[EventDate "2012.05.26"]

1. e4 e5 2. Nf3 Nc6 3. Bc4 Nd4 4. Nxe5 Qg5 5. Ng4 d6 6. h3 h5 7. f3 hxg4 8.
fxg4 Qh4+ 9. Kf1 Qg3 10. c3 Nc6 11. Qf3 Qxf3+ 12. gxf3 Ne5 13. Be2 Bd7 14. d4
Nc6 15. Bf4 Nge7 16. Nd2 Ng6 17. Bg3 Be7 18. f4 Bh4 19. Kg2 Bxg3 20. Kxg3 Nce7
21. h4 O-O-O 22. f5 Nf8 23. Bc4 Nc6 24. Bxf7 Be8 25. Bxe8 Rxe8 26. d5 Ne5 27.
h5 Nfd7 28. b4 Nf6 29. Rh4 Nf7 30. Re1 Nxd5 31. Nb1 Ng5 32. a4 Nxe4+ 33. Kf3
Ng5+ 34. Kf2 Rxe1 35. Kxe1 Re8+ 36. Kd2 Nf3+ 37. Kd3 Nxh4 38. Kd4 c6 39. c4
Nxb4 40. Nc3 c5# 0-1

[Event "DEM U10 2012"]
[Site "Oberhof GER"]
[Date "2012.05.27"]
[Round "1"]
[White "Liebeck, Eddie"]
[Black "Grey, Andrea"]
[Result "1-0"]
[Termination "normal"]
[Board "35"]
[WhiteElo "1273"]
[BlackElo "855"]
[PlyCount "117"]
[WhiteFideId "12945854"]
[BlackFideId "12971880"]
[EventCountry "GER"]
[EventRounds "11"]
[EventType "swiss"]
[EventDate "2012.05.26"]

1. d4 d5 2. c4 Nf6 3. cxd5 Nxd5 4. Nc3 Nxc3 5. bxc3 Bg4 6. Bf4 e6 7. Qb3 Qc8 8.
g3 Nd7 9. Bg2 Nb6 10. Nf3 Be7 11. O-O O-O 12. e3 h6 13. Ne5 Bf5 14. Nc4 Rb8 15.
Rfd1 Bd6 16. Nxd6 cxd6 17. Bxd6 Ra8 18. Bxf8 Kxf8 19. Qb4+ Kg8 20. Rac1 Rb8 21.
c4 Qd7 22. c5 Nd5 23. c6 Nxb4 24. cxd7 Rd8 25. Rc8 Rxc8 26. dxc8=Q+ Kh7 27.
Qxb7 Nxa2 28. Qb2 Bg4 29. f3 Bf5 30. Qxa2 Bg6 31. Qb1 Bxb1 32. Rxb1 f6 33. Rb7
a5 34. Ra7 f5 35. Re7 a4 36. Rxe6 a3 37. Ra6 a2 38. Rxa2 Kg8 39. Bh3 g6 40.
Bxf5 gxf5 41. Ra7 Kf8 42. Rh7 Kg8 43. Rxh6 Kf7 44. Rh5 Ke6 45. Rxf5 Kxf5 46. h4
Kf6 47. e4 Ke6 48. f4 Kf6 49. d5 Ke7 50. e5 Kf7 51. f5 Ke7 52. d6+ Ke8 53. e6
Kf8 54. f6 Ke8 55. g4 Kf8 56. d7 Kg8 57. d8=Q+ Kh7 58. Qf8 Kg6 59. Qg7# 1-0

[Event "DEM U10 2012"]
[Site "Oberhof GER"]
[Date "2012.05.27"]
[Round "1"]
[White "Schmiederer, Luisa"]
[Black "Suvorov, Luca"]
[Result "0-1"]
[Termination "normal"]
[Board "36"]
[WhiteElo "850"]
[BlackElo "1255"]
[PlyCount "74"]
[BlackFideId "12977071"]
[EventCountry "GER"]
[EventRounds "11"]
[EventType "swiss"]
[EventDate "2012.05.26"]

1. e4 Nc6 2. Nf3 d6 3. Nc3 Bg4 4. Be2 Nf6 5. h3 Bh5 6. g4 Bg6 7. Rg1 Nxe4 8.
Nxe4 Bxe4 9. d3 Bg6 10. h4 h5 11. gxh5 Bxh5 12. Be3 Bxf3 13. Bxf3 Rxh4 14. c3
g6 15. Qb3 Rb8 16. Bd5 e6 17. Bg5 Be7 18. Bxh4 Bxh4 19. Bf3 Ne5 20. Be2 Qf6 21.
O-O-O Qxf2 22. Bg4 Qf4+ 23. Kb1 Nxg4 24. Rh1 Nf2 25. Rhf1 Qe3 26. Qa4+ Ke7 27.
Qxh4+ g5 28. Qxf2 Qxf2 29. Rxf2 g4 30. Rf4 f5 31. Rh1 Kf6 32. Rh6+ Kg5 33. Rxe6
Kxf4 34. Kc2 g3 35. Re1 g2 36. Rg1 Kg3 37. Rxg2+ Kxg2 0-1

[Event "DEM U10 2012"]
[Site "Oberhof GER"]
[Date "2012.05.27"]
[Round "1"]
[White "Staufenberger, Philipp"]
[Black "Silber, Fabian"]
[Result "1-0"]
[Termination "normal"]
[Board "37"]
[WhiteElo "1234"]
[BlackElo "838"]
[PlyCount "127"]
[WhiteFideId "12970883"]
[BlackFideId "12947288"]
[EventCountry "GER"]
[EventRounds "11"]
[EventType "swiss"]
[EventDate "2012.05.26"]

1. e4 e5 2. Nc3 Nf6 3. f4 d6 4. Nf3 Bg4 5. h3 Bh5 6. g4 Bg6 7. f5 Bxf5 8. exf5
d5 9. Nxe5 Bd6 10. d4 O-O 11. g5 Ne4 12. Nxe4 dxe4 13. f6 gxf6 14. gxf6 Qxf6
15. Qg4+ Kh8 16. Bg5 Qg7 17. O-O-O f6 18. Ng6+ Qxg6 19. Bd2 Qxg4 20. hxg4 f5
21. Bg2 Nc6 22. gxf5 Rae8 23. Rde1 Bg3 24. Rxe4 Rxe4 25. Bxe4 Nxd4 26. Bc3 c5
27. Bxb7 Re8 28. b4 Kg8 29. Bd5+ Kf8 30. Rxh7 Be5 31. Rf7+ Kg8 32. Re7+ Kf8 33.
Rxe8+ Kxe8 34. Bxd4 Bxd4 35. bxc5 Bxc5 36. Kb2 Kd7 37. Kc3 Kd6 38. Kc4 Bg1 39.
f6 Kd7 40. Kb5 Kd8 41. c4 Bd4 42. f7 Ke7 43. c5 a5 44. c6 Bg7 45. Kxa5 Kd6 46.
Ka6 Kc7 47. a4 Bf8 48. Kb5 Bd6 49. a5 Kb8 50. a6 Be7 51. c7+ Kxc7 52. a7 Kd6
53. a8=Q Ke5 54. f8=Q Bxf8 55. Qxf8 Kxd5 56. Qe8 Kd4 57. Qe6 Kd3 58. Qe5 Kd2
59. Qe4 Kc3 60. Kc5 Kd2 61. Kc4 Kd1 62. Qg2 Kc1 63. Kc3 Kb1 64. Qb2# 1-0

[Event "DEM U10 2012"]
[Site "Oberhof GER"]
[Date "2012.05.27"]
[Round "1"]
[White "Weiten, Teresa"]
[Black "Schütze, Tim"]
[Result "0-1"]
[Termination "normal"]
[Board "38"]
[WhiteElo "834"]
[BlackElo "1231"]
[PlyCount "106"]
[WhiteFideId "12971944"]
[BlackFideId "12939706"]
[EventCountry "GER"]
[EventRounds "11"]
[EventType "swiss"]
[EventDate "2012.05.26"]

1. e4 c5 2. Nc3 Nc6 3. Nf3 Nf6 4. Bb5 e6 5. d3 Be7 6. Bf4 O-O 7. O-O d5 8. e5
Ne8 9. d4 Qb6 10. Qd3 cxd4 11. Ne2 Nb4 12. Qd2 Qxb5 13. Nfxd4 Qa6 14. c3 Nd3
15. Qe3 Nxf4 16. Nxf4 Bc5 17. Qg3 g6 18. Nf3 Kh8 19. Qh3 Be7 20. Rae1 Qxa2 21.
Re3 Qxb2 22. Nd4 Kg7 23. Rg3 Rh8 24. f3 Kf8 25. Qh6+ Ng7 26. Rg4 Qxc3 27. Rd1
Bc5 28. Qg5 Qe3+ 29. Kf1 Ke8 30. Nh3 Bxd4 31. Rdxd4 Qxg5 32. Nxg5 Nf5 33. Rb4
Ne3+ 34. Ke2 Nxg4 35. fxg4 a5 36. Rb6 a4 37. Kd2 a3 38. Rb1 b5 39. Kc3 Ra4 40.
Nf3 b4+ 41. Kc2 a2 42. Ra1 Ba6 43. Kb3 Bb5 44. Nd4 Bd7 45. Nc2 Ke7 46. Nxb4 Rb8
47. Kc3 Rbxb4 48. g5 Rb1 49. Rxb1 axb1=Q 50. g4 Rc4+ 51. Kd2 Qc1+ 52. Ke2 Rc2+
53. Kd3 Qd2# 0-1

[Event "DEM U10 2012"]
[Site "Oberhof GER"]
[Date "2012.05.27"]
[Round "1"]
[White "Fesselier, Chelsea"]
[Black "Schönweiler, Elisabeth"]
[Result "1-0"]
[Termination "normal"]
[Board "39"]
[WhiteElo "1228"]
[BlackElo "832"]
[PlyCount "93"]
[WhiteFideId "26024624"]
[BlackFideId "12997005"]
[EventCountry "GER"]
[EventRounds "11"]
[EventType "swiss"]
[EventDate "2012.05.26"]

1. e4 e5 2. Nf3 Nc6 3. Bc4 Bc5 4. c3 d6 5. d4 Bb6 6. Ng5 Be6 7. Bxe6 fxe6 8.
Nxe6 Qd7 9. d5 Nce7 10. Qf3 Ng6 11. Be3 Bxe3 12. fxe3 Nf6 13. Nd2 c6 14. c4 Rc8
15. b3 a6 16. O-O Qe7 17. Qh3 Qd7 18. Nxg7+ Kd8 19. Ne6+ Ke7 20. Qf3 Rhf8 21.
Nxf8 Rxf8 22. Qf5 Qxf5 23. exf5 Nh8 24. e4 Nf7 25. Rae1 cxd5 26. cxd5 b5 27.
Rc1 Rg8 28. h3 Nh5 29. Rc7+ Kf6 30. Kh2 Nf4 31. g3 Nh5 32. Rg1 Ng5 33. h4 Nf7
34. Nf3 Rg7 35. Ne1 Rg8 36. Nd3 a5 37. Nc1 a4 38. bxa4 bxa4 39. Nd3 a3 40. Rc3
Nh6 41. Nf2 Kf7 42. Rc7+ Kf8 43. Rxh7 Nf6 44. Rxh6 Nd7 45. Rxd6 Rg7 46. Rc1 Kf7
47. Rcc6 1-0

[Event "DEM U10 2012"]
[Site "Oberhof GER"]
[Date "2012.05.27"]
[Round "1"]
[White "Arnold, Leander"]
[Black "Ewerhardy, Moritz"]
[Result "1-0"]
[Termination "normal"]
[Board "41"]
[WhiteElo "1221"]
[BlackElo "832"]
[PlyCount "85"]
[WhiteFideId "12990230"]
[BlackFideId "36052086"]
[EventCountry "GER"]
[EventRounds "11"]
[EventType "swiss"]
[EventDate "2012.05.26"]

1. e4 e5 2. Nf3 Nc6 3. Bc4 Bc5 4. d3 d6 5. h3 h6 6. Nc3 Nf6 7. Be3 Bb6 8. O-O
O-O 9. Qd2 Bxe3 10. fxe3 Ne8 11. d4 Na5 12. Bd3 Qf6 13. Nxe5 Qh4 14. Nf3 Qg3
15. Ne2 Qg6 16. Nf4 Qg3 17. Qxa5 b6 18. Qd5 Rb8 19. Ne2 Qg6 20. e5 Qe6 21. Qe4
f5 22. Qf4 Bd7 23. Nc3 c5 24. b3 Nc7 25. exd6 Nd5 26. Nxd5 Qxd5 27. Bc4 Bc6 28.
Bxd5+ Bxd5 29. c4 Bb7 30. dxc5 bxc5 31. Ne5 Rbd8 32. Ng6 Rf6 33. Ne7+ Kh7 34.
Nxf5 Bc8 35. Qe4 Re6 36. Qd3 g6 37. Ne7 Rdxd6 38. Rf7+ Kh8 39. Qc3+ Rf6 40.
Rxf6 Rxf6 41. Qxf6+ Kh7 42. Qxg6+ Kh8 43. Qg8# 1-0

[Event "DEM U10 2012"]
[Site "Oberhof GER"]
[Date "2012.05.27"]
[Round "1"]
[White "Hasenburg, Juliana"]
[Black "Dobrikov, Marco"]
[Result "0-1"]
[Termination "normal"]
[Board "42"]
[WhiteElo "776"]
[BlackElo "1217"]
[PlyCount "66"]
[BlackFideId "12950378"]
[EventCountry "GER"]
[EventRounds "11"]
[EventType "swiss"]
[EventDate "2012.05.26"]

1. e4 e5 2. Nf3 Nf6 3. Nc3 Nc6 4. Bc4 Nxe4 5. Nxe4 d5 6. Bxd5 Qxd5 7. d3 Bf5 8.
Nc3 Bb4 9. Qe2 O-O-O 10. O-O Bxc3 11. bxc3 Rhe8 12. c4 Qd6 13. Ng5 Bg6 14. Rb1
f6 15. Qg4+ Kb8 16. c5 Qd5 17. c4 Qxd3 18. Rb3 Qd4 19. Qh3 fxg5 20. Bxg5 Rc8
21. Rfb1 Na5 22. Rb5 Bxb1 23. Rxb1 h6 24. Be3 Qd3 25. Rc1 Nxc4 26. Qg4 Nxe3 27.
Qa4 Rcd8 28. h4 Rf8 29. Qb4 Rd4 30. Qb2 Nd1 31. Qa1 Qd2 32. Rb1 Qxf2+ 33. Kh2
Rxh4# 0-1

[Event "DEM U10 2012"]
[Site "Oberhof GER"]
[Date "2012.05.27"]
[Round "1"]
[White "Stork, Oliver"]
[Black "Leib, Amina"]
[Result "1-0"]
[Termination "normal"]
[Board "43"]
[WhiteElo "1216"]
[BlackElo "754"]
[PlyCount "55"]
[WhiteFideId "12955728"]
[BlackFideId "12982970"]
[EventCountry "GER"]
[EventRounds "11"]
[EventType "swiss"]
[EventDate "2012.05.26"]

1. e4 e5 2. f4 Nc6 3. Nf3 Bd6 4. fxe5 Nxe5 5. Nxe5 Bxe5 6. d4 Bd6 7. e5 Be7 8.
Nc3 d6 9. exd6 Bxd6 10. Bc4 Nf6 11. O-O Bd7 12. Re1+ Be7 13. Bg5 Bg4 14. Qd3
Qd7 15. Bxf6 gxf6 16. Nd5 O-O-O 17. Nxe7+ Kb8 18. Nd5 Bf5 19. Qf3 Bxc2 20. Rac1
Ba4 21. Qd3 Bc6 22. Nxf6 Qd6 23. Ne4 Bxe4 24. Qxe4 Rdg8 25. Bxf7 Rg7 26. Qe8+
Rxe8 27. Rxe8+ Qd8 28. Rxd8# 1-0